000 00399nam a2200145Ia 4500
008 240624s9999 xx 000 0 und d
041 _aeng
082 _a658.3125 ARM
100 _aARMSTRONG MICHAEL
245 _aARMSTRONG S HANDBOOK OF PERFORMANCE MANAGEMENT AN EVIDEN
250 _a(4th ed.)
260 _c2010
_aNew Delhi
_bKogan Page
300 _ax, : 382 : p. : cm. ; 24
365 _cRS
_b27
999 _c15476
_d15476